That one Random Quiz - Statistics

General Stats
  • This quiz has been taken 16 times
  • The average score is 5 of 15
Answer Stats
Hint Answer % Correct
Tells time Clock
82%
Male parental figure Father
82%
What you're taking this quiz on right now JetPunk
64%
Fruit Apple
55%
Lucky _____ Charm
55%
Gives you oxygen Tree
55%
Representation of a country Flag
36%
A name that starts with J James
36%
Plural of above Trees
27%
Country Russia
18%
What girls do on a girls only __________ Sleepover
9%
What you're on Website
9%
Famous YouTuber Aphmau
0%
The Wiki____ Fandom
0%
This quiz has a random _________ Picture
0%
No matching quizzes found
Score Distribution
Percent of People with Each Score
Percentile by Number Answered
Your Score History
You have not taken this quiz